• Parker Charlie (B.)

di Personal Name

Records bibliografici associati: 1

001 - CONTROL NUMBER

  • control field: 17092

003 - CONTROL NUMBER IDENTIFIER

  • control field: IT-RoPau

005 - DATE AND TIME OF LATEST TRANSACTION

  • control field: 20140323104644.0

008 - FIXED-LENGTH DATA ELEMENTS

  • fixed length control field: 140323|| aca||aabn | a|a d

040 ## - CATALOGING SOURCE

  • Original cataloging agency: IT-RoPau
  • Transcribing agency: IT-RoPau

100 ## - HEADING--PERSONAL NAME

  • Personal name: Parker Charlie (B.)
  • Miscellaneous information: Codice autore musica SPICS: 10799
  • Relator term: Autore musica
  • Name of part/section of a work: Embraceable You - Chasing the Bird - Shaw 'Nuff - Groovin' High

670 ## - SOURCE DATA FOUND

  • Source citation: Work cat.: (IT-RoPau)100833: Parker Charlie (B.) 11909, Charlie Parker
CREDITS: SOCIETA' SAN PAOLO Via A.Severo, 58 - ROMA (RM) & PERIODICI SAN PAOLO SRL Via Giotto, 36 MILANO & CISF Via Giotto, 36 MILANO & EDIZIONI SAN PAOLO SRL,  Piazza Soncino, 5 CINISELLO BALSAMO (MI) -- ITALY